000 00495nam a2200181Ia 4500
001 19138
005 20260306171722.0
008 260306s9999||||xx |||||||||||||| ||und||
041 _aESP
082 _a658.8
_bL93A
100 _aLovelock, Christopher H.
_eAUT
245 0 _aAdministración de servicios:
_bestrategias de marketing operaciones y recursos humanos
260 _c2004
300 _axvii, 741 páginas :
_c25 cm.
650 _aGEN
654 _aCAN
942 _cLIB
_dJUS
_fJUS
_2ddc
_n
999 _c19138
_d19138